01596 a2200205 45000010006000000050017000060080041000230030015000640400040000790800085001192450070002040200018002742500011002922640034003033000019003375050954003561000030013107000024013407000026013645902920260407155845.0260407a1992 arg spa dAR-UNSa-BCEJYS aAR-UNSa-BCEJYSbspacAR-UNSa-BCEJYS a658.11xClases y formas de las empresas( pequeñas y medianas empresas...Pymes)10aIniciación y administración de pequeños y medianos negocios a958-600-093-1 a6a.ed. 1aBogotá :bMcGraw-Hillc1992 a316 p.c23 cm. a1. Entre al mundo de los negocios – 2. La financiación de un negocio pequeño – 3. Compra de un negocio ya establecido – 4. Decisión sobre la ubicación de su negocio – 5. Selección de un modelo para su empresa – 6. Control a través de sistemas contables y de registro – 7. Decisiones básicas en la administración tributaria – 8. Administración del almacén al detal – 9. Indicadores de ganancia para el mayorista – 10. Administración de una compañía de servicios – 11. Guía básica para el funcionamiento de una operación de franquicia – 12. Empresa de ventas por correo – 13. Como manejar una fábrica eficiente – 14. Contratación y administración de personal – 15. Manejo del fraude, robo y hurto – 16. Administración y eficiencia – 17. El computador en las microempresas – 18. Venta del producto – 19. Extensión del crédito a sus clientes – 20. Planeación del seguro1 aJ.K. Lasser Tax Institute1 aAgray Vargas, Nancy1 aNarvaez Rojo, Alberto